Anales de la Academia Matritense del Notariado T. XXVII

Detalles Bibliográficos
Autor Corporativo: Academia Matritense del Notariado
Formato: Conjunto
Lenguaje:español
Publicado: Madrid : Editorial de Derecho Privado, Editoriales de Derecho Reunidas, 1987
Materias:
Acceso en línea:Acceso restringido

MARC

LEADER 00000nac a22000007a 4500
005 20110914104946.0
008 870101 1987 sp c
020 |a 84-7130-570-4 
035 |a 556 
040 |a ES-BaICA  |d vLex 
041 0 |a spa 
090 |c 2443  |d 2443 
110 2 |a Academia Matritense del Notariado 
245 1 0 |a Anales de la Academia Matritense del Notariado   |h [Recurso electrn̤ico] /  |c Academia Matritense del Notariado.  |n T. XXVII 
256 |a Servicio en ln̕ea. 
260 |a Madrid :  |b Editorial de Derecho Privado, Editoriales de Derecho Reunidas,  |c 1987 
300 |a 16 vol. ;  |c 24 cm 
300 |3 Part: 283 p  |a 1 recurso electrn̤ico 
506 1 |a Contenido solo disponible en los productos indicados  |d vLex Global  |d vLex Global (Academic Edition, excluding Law Schools)  |d vLex Global (U.S. Academic Edition, Law Schools)  |d vLex Global (U.S. Academic Edition, excluding Law Schools)  |d vLex Global (Academic Edition, Law Schools) 
650 4 |a Notarios  |z Espaą 
740 0 |a vLex Libros (Servicio en ln̕ea) 
856 4 0 |u http://vlex.com/source/anales-academia-matriense-notariado-556  |z Acceso restringido 
942 |c BOOK